000 00586nam a2200193 i 4500
001 102681
003 ES-MaACL
005 20230906183146.0
007 t|
008 051115q19101920fr ||||1| fre d
100 1 _aBoinet, Amédée.
_929851
245 1 0 _aVerdun et Saint-Mihiel /
_cpar Amédée Boinet.
260 _aParis :
_bHenri Laurens,
_c[191-?]
300 _a64 p. :
_bil. ;
_c17 cm.
490 1 _aLes visites d'art. Memoranda
830 0 _aLes visites d'art. Memoranda
_9184656
852 _aES-MaACL
_jF-2178(4)
_q. - Encuadernado con otras obras
999 _c102681
_d102681